[Event "Women Ch A Group r_2"]
[Site "Albena BUL"]
[Date "2010.05.28"]
[Round "2.3"]
[White "Plachkinova, Tatjana G"]
[Black "Collas, Silvia"]
[Result "0-1"]
[WhiteElo "2117"]
[BlackElo "2314"]
[PlyCount "108"]
[EventDate "2010.05.27"]
[EventRounds "7"]
[EventCountry "BUL"]

1. d4 Nf6 2. c4 e6 3. Nf3 Bb4+ 4. Bd2 Qe7 5. e3 Nc6 6. a3 Bxd2+ 7. Qxd2 a5 8.
d5 Nb8 9. Nc3 d6 10. Be2 Nbd7 11. b3 Nc5 12. Qc2 O-O 13. O-O exd5 14. cxd5 Bg4
15. b4 Bxf3 16. Bxf3 axb4 17. axb4 Na6 18. Rab1 Qe5 19. Rfd1 Rfe8 20. Nb5 h5
21. Qc3 Qg5 22. Qd4 Re5 23. Rbc1 Re7 24. Nc3 Rae8 25. Be2 Ng4 26. Bxg4 hxg4 27.
Rb1 Kh7 28. Qd3+ g6 29. Qd4 Re5 30. Rdc1 Rh8 31. Qf4 Qxf4 32. exf4 Rh5 33. Ne4
Kg7 34. b5 Rxh2 35. Ng3 Nc5 36. b6 cxb6 37. Rxb6 Ne4 38. Rc7 Nxg3 39. fxg3 Rh1+
40. Kf2 Ra8 41. Rcxb7 Ra2+ 42. Rb2 Rxb2+ 43. Rxb2 Rd1 44. Ke3 Rxd5 45. Ke4 Rd1
46. f5 g5 47. Rb5 Rd2 48. Rb6 Rxg2 49. Rxd6 Rxg3 50. Ra6 Rf3 51. Ra1 Rf4+ 52.
Ke5 f6+ 53. Ke6 Re4+ 54. Kd6 Re5 0-1

[Event "Women Ch A Group r_2"]
[Site "Albena BUL"]
[Date "2010.05.28"]
[Round "2.3"]
[White "Raeva, Elitsa"]
[Black "Cmilyte, Viktorija"]
[Result "0-1"]
[WhiteElo "2231"]
[BlackElo "2514"]
[PlyCount "86"]
[EventDate "2010.05.27"]
[EventRounds "7"]
[EventCountry "BUL"]

1. d4 Nf6 2. c4 g6 3. Nc3 d5 4. cxd5 Nxd5 5. Bd2 Bg7 6. e4 Nxc3 7. Bxc3 O-O 8.
Be2 c5 9. d5 e6 10. Nf3 exd5 11. exd5 Bg4 12. O-O Qd6 13. Rc1 Nd7 14. Re1 Rfe8
15. Qd2 Bxc3 16. Rxc3 Nf6 17. Bb5 Rxe1+ 18. Qxe1 a6 19. Bf1 Nxd5 20. Qd2 Rd8
21. Rd3 Bf5 22. Rb3 b5 23. Qh6 Qf8 24. Qh4 f6 25. Ra3 Qd6 26. g4 Bc8 27. Rd3
Qf4 28. h3 Be6 29. Qg3 Re8 30. Qxf4 Nxf4 31. Rd6 Bd5 32. Rxf6 Rf8 33. Rxf8+
Kxf8 34. Ne5 Ke7 35. a4 c4 36. axb5 axb5 37. g5 Ke6 38. Ng4 Kf5 39. Nf6 Kxg5
40. Nxh7+ Kf5 41. Kh2 b4 42. Nf8 c3 43. bxc3 bxc3 0-1

[Event "Women Ch A Group r_2"]
[Site "Albena BUL"]
[Date "2010.05.28"]
[Round "2.3"]
[White "Zaiatz, Elena"]
[Black "Velcheva, Maria"]
[Result "1-0"]
[WhiteElo "2392"]
[BlackElo "2266"]
[PlyCount "71"]
[EventDate "2010.05.27"]
[EventRounds "7"]
[EventCountry "BUL"]

1. d4 d5 2. c4 c6 3. Nc3 Nf6 4. Nf3 dxc4 5. a4 Bf5 6. Nh4 Bc8 7. e3 e6 8. Bxc4
Bb4 9. Nf3 O-O 10. O-O Nbd7 11. Qc2 Qe7 12. Ne2 e5 13. Ng3 g6 14. e4 exd4 15.
Bg5 Qc5 16. Rac1 Ng4 17. Qd1 Qa5 18. h3 Nge5 19. Nxe5 Nxe5 20. Bf6 Be6 21. Bxe5
Qxe5 22. f4 Qd6 23. e5 Qd7 24. f5 gxf5 25. Rf4 Be7 26. Qh5 Kh8 27. Bd3 Rg8 28.
Rxf5 Rg7 29. Rf6 Bxf6 30. exf6 Rg6 31. Ne2 Rag8 32. Nf4 Qd6 33. Rf1 c5 34. Qh4
Qe5 35. Bxg6 fxg6 36. Re1 1-0

[Event "Women Ch A Group r_2"]
[Site "Albena BUL"]
[Date "2010.05.28"]
[Round "2.4"]
[White "Bratimirova, Dimitrinka"]
[Black "Ivanova, Simoneta"]
[Result "1-0"]
[WhiteElo "2033"]
[BlackElo "1791"]
[PlyCount "75"]
[EventDate "2010.05.27"]
[EventRounds "7"]
[EventCountry "BUL"]

1. d4 Nf6 2. c4 c5 3. d5 b5 4. cxb5 a6 5. bxa6 g6 6. Nc3 Bxa6 7. Nf3 d6 8. g3
Bg7 9. Bg2 O-O 10. O-O Nbd7 11. Re1 Qb6 12. h3 Qb7 13. e4 Ne5 14. Nxe5 dxe5 15.
Na4 Nd7 16. Be3 Rfc8 17. Rc1 c4 18. b3 Rab8 19. Bf1 cxb3 20. Qxb3 Qa8 21. Rxc8+
Rxc8 22. Nb6 Nxb6 23. Bxb6 Bxf1 24. Rxf1 Qa6 25. a4 Rb8 26. Rb1 Qe2 27. Qb4 f5
28. exf5 gxf5 29. a5 f4 30. Re1 Qd3 31. Qe4 Qa3 32. gxf4 Qxh3 33. fxe5 Kh8 34.
Re3 Qh5 35. Bc7 Qg5+ 36. Kf1 Rb2 37. d6 Rd2 38. Qa8+ 1-0

[Event "Women Ch A Group r_2"]
[Site "Albena BUL"]
[Date "2010.05.28"]
[Round "2.4"]
[White "Maneva, Ani"]
[Black "Parvanova, Desislava"]
[Result "0-1"]
[WhiteElo "1927"]
[BlackElo "2002"]
[PlyCount "84"]
[EventDate "2010.05.27"]
[EventRounds "7"]
[EventCountry "BUL"]

1. e4 e5 2. Bc4 Bc5 3. Nc3 Nf6 4. d3 d6 5. h3 c6 6. Nf3 b5 7. Bb3 O-O 8. O-O
Qe7 9. Be3 Nbd7 10. Qd2 Bb7 11. a3 a5 12. Rfe1 Bxe3 13. Rxe3 Nc5 14. Ba2 b4 15.
Ne2 Bc8 16. Ng3 g6 17. axb4 axb4 18. Bxf7+ Qxf7 19. Rxa8 b3 20. Ra3 h6 21. cxb3
Nxb3 22. Qb4 Nc5 23. d4 exd4 24. Qxd4 Ne6 25. Qxd6 Rd8 26. Qxc6 Nf4 27. Kh2
N4h5 28. Nxh5 Nxh5 29. Rad3 Rf8 30. Qd5 Be6 31. Qd6 g5 32. Rd2 Nf4 33. Ne5 Qh5
34. g4 Qe8 35. Nd3 Ng6 36. Nc5 Bc8 37. Qd5+ Kh7 38. b4 Qb5 39. Qb3 Qf1 40. Rf3
Nf4 41. Rg3 Ne2 42. Rxe2 Qxe2 0-1

[Event "Women Ch A Group r_2"]
[Site "Albena BUL"]
[Date "2010.05.28"]
[Round "2.4"]
[White "Trifonova, Sandra"]
[Black "Petkova, Veneta"]
[Result "0-1"]
[WhiteElo "1997"]
[BlackElo "1942"]
[PlyCount "62"]
[EventDate "2010.05.27"]
[EventRounds "7"]
[EventCountry "BUL"]

1. d4 d5 2. Nf3 Nf6 3. c4 e6 4. Nc3 Be7 5. Bg5 O-O 6. e3 h6 7. Bh4 Ne4 8. Bxe7
Qxe7 9. cxd5 Nxc3 10. bxc3 exd5 11. Qb3 c6 12. Bd3 Nd7 13. O-O Nf6 14. Ne5 Re8
15. Rab1 Nd7 16. Nxd7 Qxd7 17. c4 dxc4 18. Bxc4 b5 19. Be2 Qd6 20. d5 cxd5 21.
Bxb5 Re5 22. f4 Re7 23. Qc3 Bf5 24. Rb3 Rc8 25. Qd4 Rc2 26. Rf2 Rc1+ 27. Bf1
Be4 28. Rfb2 Rec7 29. Rb8+ Kh7 30. R8b7 Rxb7 31. Rxb7 Qa6 0-1

[Event "Women Ch A Group r_2"]
[Site "Albena BUL"]
[Date "2010.05.28"]
[Round "2.4"]
[White "Vitanova, Rozalina"]
[Black "Dimitrova, Leila"]
[Result "1-0"]
[WhiteElo "2094"]
[BlackElo "2124"]
[PlyCount "55"]
[EventDate "2010.05.27"]
[EventRounds "7"]
[EventCountry "BUL"]

1. e4 d6 2. d4 Nf6 3. Nc3 c6 4. f4 Qa5 5. Bd3 e5 6. Nf3 Bg4 7. dxe5 dxe5 8.
fxe5 Bxf3 9. Qxf3 Qxe5 10. O-O Bc5+ 11. Kh1 Bd6 12. g3 Qh5 13. Qxh5 Nxh5 14. e5
Bxe5 15. Re1 Nd7 16. Bf5 f6 17. g4 g6 18. Bxd7+ Kxd7 19. gxh5 Bxc3 20. bxc3
Rae8 21. Be3 f5 22. Bxa7 Rxe1+ 23. Rxe1 Ra8 24. Bc5 Rxa2 25. Re7+ Kc8 26. h6
Rxc2 27. Rxh7 Rxc3 28. Rg7 1-0

[Event "Women Ch GroupA r_3"]
[Site "Albena BUL"]
[Date "2010.05.29"]
[Round "3.1"]
[White "Parvanova, Desislava"]
[Black "Voiska, Margarita"]
[Result "0-1"]
[WhiteElo "2002"]
[BlackElo "2349"]
[PlyCount "64"]
[EventDate "2010.05.27"]
[EventRounds "7"]
[EventCountry "BUL"]

1. d4 c5 2. d5 e6 3. c4 Nf6 4. Nc3 exd5 5. cxd5 Bd6 6. Bg5 O-O 7. Qd2 Re8 8.
Nb5 Qb6 9. Bxf6 Qxb5 10. Qg5 Bf8 11. e3 Qb6 12. Bc3 Na6 13. Rc1 Nb4 14. Bc4 Re4
15. Bd2 d6 16. f3 Be7 17. Qg3 Bh4 18. fxe4 Bxg3+ 19. hxg3 Bd7 20. Nf3 f6 21. a3
Na6 22. Bc3 Bb5 23. Ba2 Bd3 24. Rh4 Re8 25. Nd2 Nb8 26. Kf2 Nd7 27. Rch1 h6 28.
Bc4 Bxc4 29. Nxc4 Qa6 30. Nd2 Qd3 31. Rd1 Nb6 32. Rdh1 Nxd5 0-1

[Event "Women Ch GroupA r_3"]
[Site "Albena BUL"]
[Date "2010.05.29"]
[Round "3.1"]
[White "Yordanova, Svetla"]
[Black "Trifonova, Sandra"]
[Result "1/2-1/2"]
[WhiteElo "2174"]
[BlackElo "1997"]
[PlyCount "112"]
[EventDate "2010.05.27"]
[EventRounds "7"]
[EventCountry "BUL"]

1. e4 c6 2. d4 d5 3. Nc3 dxe4 4. Nxe4 Bf5 5. Ng3 Bg6 6. N1e2 h6 7. Nf4 Bh7 8.
Bc4 Nf6 9. O-O Nbd7 10. Re1 Nb6 11. Bb3 Nbd5 12. c4 Nxf4 13. Bxf4 Qd7 14. d5
O-O-O 15. Ba4 Qg4 16. Qxg4+ Nxg4 17. h3 g5 18. Bc1 Nf6 19. dxc6 b6 20. Be3 Bg7
21. Rad1 Bd3 22. Bb5 Ne8 23. Bc1 Nc7 24. Rxe7 Nxb5 25. cxb5 Bxb5 26. Rde1 Bxc6
27. Rxf7 Rd7 28. Rxd7 Bxd7 29. b3 Rf8 30. Be3 Kb7 31. Ne4 Bc6 32. Nd6+ Kc7 33.
Nc4 Rd8 34. Rc1 Kb7 35. f3 Rd3 36. Kf2 Rd7 37. Rc2 Bd5 38. Rd2 Kc6 39. Na3 Bf8
40. Nc2 Kb7 41. Ke2 a6 42. Nd4 Bb4 43. Rc2 Re7 44. Kf2 Re5 45. Ne2 Bf7 46. Bd4
Re6 47. Rc1 Be8 48. Rc4 Bb5 49. Rc2 Bd3 50. Rb2 Rd6 51. Ke3 Bf5 52. Ng3 Re6+
53. Ne4 Rc6 54. Re2 Ba3 55. Kf2 Re6 56. g4 Bg6 1/2-1/2

[Event "Women Ch GroupA r_3"]
[Site "Albena BUL"]
[Date "2010.05.29"]
[Round "3.1"]
[White "Ivanova, Simoneta"]
[Black "Genova, Ruzka"]
[Result "1-0"]
[WhiteElo "1791"]
[BlackElo "2232"]
[PlyCount "109"]
[EventDate "2010.05.27"]
[EventRounds "7"]
[EventCountry "BUL"]

1. d4 Nf6 2. c4 e6 3. Nf3 Bb4+ 4. Bd2 a5 5. Nc3 O-O 6. a3 Bxc3 7. Bxc3 d6 8. e3
b6 9. Bd3 Bb7 10. O-O Nbd7 11. Nd2 e5 12. Qc2 Re8 13. b4 c5 14. d5 cxb4 15.
axb4 Qc7 16. Qb3 Reb8 17. Rfb1 axb4 18. Bxb4 Nc5 19. Bxc5 Rxa1 20. Rxa1 Qxc5
21. h3 g6 22. Ra4 Qc7 23. Qa3 Nd7 24. Nb3 f5 25. Be2 Kf7 26. Ra7 Ke8 27. Kh2
Kd8 28. f4 Nc5 29. Nxc5 Qxc5 30. Qxc5 bxc5 31. fxe5 dxe5 32. Kg3 g5 33. Kf2 e4
34. g3 Kd7 35. Bd1 Kd6 36. Be2 h6 37. Bd1 Ke5 38. Ra5 Rc8 39. Be2 f4 40. gxf4+
gxf4 41. Rb5 Rc7 42. exf4+ Kxf4 43. Rb6 e3+ 44. Ke1 Bc8 45. Rxh6 Ra7 46. Bd1
Ra1 47. Rf6+ Ke4 48. d6 Bxh3 49. Rg6 Rc1 50. Rg7 Rxc4 51. d7 Rd4 52. Bg4 c4 53.
Bxh3 Kd3 54. Bf5+ Kc3 55. Rg8 1-0

[Event "Women Ch GroupA r_3"]
[Site "Albena BUL"]
[Date "2010.05.29"]
[Round "3.1"]
[White "Chilingirova, Pavlina"]
[Black "Vitanova, Rozalina"]
[Result "1-0"]
[WhiteElo "2150"]
[BlackElo "2094"]
[PlyCount "57"]
[EventDate "2010.05.27"]
[EventRounds "7"]
[EventCountry "BUL"]

1. c4 Nf6 2. Nc3 d6 3. g3 g6 4. Bg2 Bg7 5. d4 O-O 6. e4 e5 7. Nge2 Nbd7 8. O-O
c6 9. h3 Qe7 10. d5 a5 11. Be3 Nc5 12. Qd2 Ra6 13. g4 Ne8 14. Ng3 f5 15. exf5
gxf5 16. gxf5 Bxf5 17. Nxf5 Rxf5 18. dxc6 bxc6 19. Rad1 Ne6 20. c5 Nf4 21. cxd6
Qd8 22. Bxf4 Rxf4 23. Ne4 Ra7 24. d7 Nf6 25. Nxf6+ Bxf6 26. Bxc6 Rh4 27. Qd5+
Kh8 28. Qe6 Ra6 29. Qxf6+ 1-0

[Event "Women Ch GroupA r_3"]
[Site "Albena BUL"]
[Date "2010.05.29"]
[Round "3.2"]
[White "Cmilyte, Viktorija"]
[Black "Maneva, Ani"]
[Result "1-0"]
[WhiteElo "2514"]
[BlackElo "1927"]
[PlyCount "89"]
[EventDate "2010.05.27"]
[EventRounds "7"]
[EventCountry "BUL"]

1. d4 Nf6 2. Nf3 d6 3. c4 Nbd7 4. g3 e5 5. Bg2 Be7 6. Nc3 O-O 7. O-O c6 8. e4
Re8 9. Re1 Bf8 10. h3 a5 11. b3 exd4 12. Nxd4 Nc5 13. Bf4 Be6 14. Qc2 Qc8 15.
Kh2 Nfd7 16. Rad1 Ne5 17. Be3 f6 18. f4 Ned7 19. Nxe6 Rxe6 20. a3 Qc7 21. b4
Na6 22. Qb3 Kh8 23. h4 Ree8 24. Bh3 axb4 25. axb4 Rad8 26. Rd2 Nb6 27. Bf1 Rc8
28. Bf2 Nd7 29. Red1 Rcd8 30. h5 Nb6 31. Be2 Nd7 32. Kg2 Nb6 33. Bg4 Nc8 34.
Bf5 Ne7 35. Be6 Nc8 36. f5 Nb6 37. Ne2 Nd7 38. Nf4 Ne5 39. Bd4 Qe7 40. Rh1 Nf7
41. Qb2 Rb8 42. g4 b5 43. Ng6+ hxg6 44. hxg6+ Nh6 45. g5 1-0

[Event "Women Ch GroupA r_3"]
[Site "Albena BUL"]
[Date "2010.05.29"]
[Round "3.2"]
[White "Collas, Silvia"]
[Black "Bratimirova, Dimitrinka"]
[Result "1-0"]
[WhiteElo "2314"]
[BlackElo "2033"]
[PlyCount "73"]
[EventDate "2010.05.27"]
[EventRounds "7"]
[EventCountry "BUL"]

1. c4 Nf6 2. Nc3 c5 3. g3 Nc6 4. Bg2 g6 5. Nf3 Bg7 6. d4 cxd4 7. Nxd4 Qb6 8.
Nb3 d6 9. O-O O-O 10. Be3 Qd8 11. h3 Ne5 12. Nd2 Be6 13. Nd5 Nxd5 14. cxd5 Bc8
15. Qb3 b6 16. Qa3 a5 17. f4 Nd7 18. Nf3 Ba6 19. Rae1 Nc5 20. Bd4 Ne4 21. Bxg7
Kxg7 22. Nd4 Nc5 23. f5 Rc8 24. Qe3 Qd7 25. b3 Rc7 26. h4 Qe8 27. Rf4 Bc8 28.
h5 g5 29. h6+ Kh8 30. Rf2 f6 31. g4 Rf7 32. Rc1 Qd8 33. a3 Qf8 34. Ne6 Nxe6 35.
dxe6 Rxc1+ 36. Qxc1 Qxh6 37. exf7 1-0

[Event "Women Ch GroupA r_3"]
[Site "Albena BUL"]
[Date "2010.05.29"]
[Round "3.2"]
[White "Dimitrova, Leila"]
[Black "Djingarova, Emilia"]
[Result "1/2-1/2"]
[WhiteElo "2124"]
[BlackElo "2359"]
[PlyCount "67"]
[EventDate "2010.05.27"]
[EventRounds "7"]
[EventCountry "BUL"]

1. e4 e5 2. Bc4 Nf6 3. d3 Bc5 4. Nf3 Nc6 5. O-O O-O 6. c3 d5 7. exd5 Nxd5 8. b4
Be7 9. b5 Na5 10. Nxe5 Bf6 11. Qh5 Nxc4 12. dxc4 g6 13. Nxg6 hxg6 14. Qxd5 Qxd5
15. cxd5 Bf5 16. Bf4 Rad8 17. Bxc7 Rxd5 18. a4 Rc8 19. Ba5 a6 20. Bb4 axb5 21.
axb5 Rxb5 22. Na3 Rd5 23. Rac1 Rd2 24. Rfe1 Bg5 25. Rcd1 Rcd8 26. Rxd2 Bxd2 27.
Ra1 Rd3 28. Nb5 Bd7 29. Nd6 Bc6 30. Rd1 Ba4 31. Ra1 Bc6 32. Rd1 Ba4 33. Ra1 Bc6
34. Rd1 1/2-1/2

[Event "Women Ch GroupA r_3"]
[Site "Albena BUL"]
[Date "2010.05.29"]
[Round "3.3"]
[White "Genova, Lyubka"]
[Black "Raeva, Elitsa"]
[Result "1/2-1/2"]
[WhiteElo "2293"]
[BlackElo "2231"]
[PlyCount "61"]
[EventDate "2010.05.27"]
[EventRounds "7"]
[EventCountry "BUL"]

1. e4 c5 2. Nf3 d6 3. d4 cxd4 4. Nxd4 Nf6 5. Nc3 g6 6. g3 Bg7 7. Bg2 O-O 8. O-O
Nc6 9. Nde2 Rb8 10. a4 a6 11. h3 b5 12. axb5 axb5 13. Nd5 Ne5 14. Nd4 Bd7 15.
Nb4 Rc8 16. c3 Nc4 17. Qe2 e5 18. Nf3 h6 19. Rd1 Be6 20. Ra6 Ne8 21. Nd2 Nc7
22. Ra7 Ra8 23. Rxa8 Qxa8 24. Nxc4 Bxc4 25. Qe3 Na6 26. Nxa6 Qxa6 27. Qd2 Rd8
28. Qc2 Rc8 29. b3 Be6 30. Qb2 Bf8 31. Be3 1/2-1/2

[Event "Women Ch GroupA r_3"]
[Site "Albena BUL"]
[Date "2010.05.29"]
[Round "3.3"]
[White "Velcheva, Maria"]
[Black "Bednikova, Stefi"]
[Result "1-0"]
[WhiteElo "2266"]
[BlackElo "2101"]
[PlyCount "111"]
[EventDate "2010.05.27"]
[EventRounds "7"]
[EventCountry "BUL"]

1. e4 c5 2. Nf3 Nc6 3. d4 cxd4 4. Nxd4 Qc7 5. Nb5 Qb8 6. c4 Nf6 7. N1c3 a6 8.
Na3 e6 9. Nc2 b5 10. a3 Na5 11. cxb5 Nb3 12. Rb1 Nxc1 13. Qxc1 Bd6 14. bxa6
Bxa6 15. Bxa6 Rxa6 16. g3 Qb7 17. Qe3 Be5 18. O-O O-O 19. Nb4 Ra5 20. f3 Rc8
21. Rfc1 Bb8 22. Kg2 Ba7 23. Qd3 Rac5 24. Qd2 Rc4 25. b3 Rd4 26. Qe2 Rc5 27.
Nd3 Rc8 28. a4 Rd6 29. Nb5 Rdc6 30. Rxc6 Rxc6 31. Rc1 Bb6 32. Qe1 d5 33. e5 Nd7
34. Rxc6 Qxc6 35. Qc3 Qxc3 36. Nxc3 Kf8 37. f4 f6 38. exf6 gxf6 39. f5 d4 40.
fxe6 dxc3 41. exd7 Ke7 42. Kf3 Kxd7 43. Nb4 Kd6 44. Ke4 Bg1 45. h3 Bf2 46. g4
Bg3 47. Kd3 Ke5 48. Kxc3 Kf4 49. a5 Kg5 50. Nd3 Kh4 51. b4 Kxh3 52. b5 Bh2 53.
b6 Bg1 54. Kc4 Kxg4 55. Nc5 h5 56. a6 1-0

[Event "Women Ch GroupA r_3"]
[Site "Albena BUL"]
[Date "2010.05.29"]
[Round "3.3"]
[White "Nestorova-Petrova, Lozanka"]
[Black "Plachkinova, Tatjana G"]
[Result "1/2-1/2"]
[WhiteElo "2074"]
[BlackElo "2117"]
[PlyCount "75"]
[EventDate "2010.05.27"]
[EventRounds "7"]
[EventCountry "BUL"]

1. c4 e5 2. Nc3 Nc6 3. g3 Nf6 4. Bg2 Bc5 5. e3 a6 6. Nge2 d6 7. O-O O-O 8. d4
Ba7 9. b3 Bg4 10. f3 exd4 11. exd4 Bf5 12. Be3 Re8 13. Bf2 Nb4 14. g4 Bg6 15.
Nf4 Nc6 16. Nxg6 hxg6 17. Qd2 Qd7 18. Rae1 Rxe1 19. Rxe1 Re8 20. Rxe8+ Qxe8 21.
Ne2 Qe7 22. h3 Nd7 23. Kf1 Bb6 24. a3 a5 25. Nc3 Nf6 26. Nb5 Nd8 27. b4 axb4
28. axb4 c6 29. Nc3 d5 30. c5 Bc7 31. b5 cxb5 32. Nxb5 Qd7 33. Nc3 Ne6 34. Be3
b6 35. g5 Nh5 36. cxb6 Bxb6 37. f4 Nc7 38. Qd3 1/2-1/2

[Event "Women Ch GroupA r_3"]
[Site "Albena BUL"]
[Date "2010.05.29"]
[Round "3.3"]
[White "Vladimirova, Maria"]
[Black "Boneva, Zvezdelina"]
[Result "0-1"]
[WhiteElo "2045"]
[BlackElo "1938"]
[PlyCount "62"]
[EventDate "2010.05.27"]
[EventRounds "7"]
[EventCountry "BUL"]

1. e4 e6 2. Nf3 d5 3. Nc3 dxe4 4. Nxe4 Bd7 5. d4 Bc6 6. Bd3 Bxe4 7. Bxe4 c6 8.
c3 Nf6 9. Bc2 Bd6 10. Qe2 Nbd7 11. O-O Qc7 12. Re1 h6 13. Ne5 O-O 14. f4 c5 15.
Be3 Nb6 16. Ng4 Nbd5 17. Nxf6+ Nxf6 18. Rf1 cxd4 19. Bxd4 Bc5 20. Rad1 Rfd8 21.
Bxc5 Qxc5+ 22. Qf2 Qa5 23. Bb3 Ng4 24. Rxd8+ Rxd8 25. Qe2 Qb6+ 26. Kh1 Ne3 27.
Re1 Nd5 28. Qe5 Qf2 29. f5 Nf4 30. Qe4 exf5 31. Bxf7+ Kh8 0-1

[Event "Women Ch GroupA r_3"]
[Site "Albena BUL"]
[Date "2010.05.29"]
[Round "3.4"]
[White "Arutyunova, Diana"]
[Black "Nikolova, Adriana"]
[Result "1/2-1/2"]
[WhiteElo "2266"]
[BlackElo "2318"]
[PlyCount "60"]
[EventDate "2010.05.27"]
[EventRounds "7"]
[EventCountry "BUL"]

1. e4 c5 2. Nf3 d6 3. d4 cxd4 4. Qxd4 a6 5. Be3 Nc6 6. Qb6 Qxb6 7. Bxb6 Nf6 8.
Nc3 g6 9. Nd5 Nxd5 10. exd5 Nb4 11. O-O-O e6 12. dxe6 Bxe6 13. a3 Nc6 14. Nd4
Nxd4 15. Bxd4 Rg8 16. Be2 Rc8 17. Rhe1 Kd7 18. Bf3 Bf5 19. Be4 Bxe4 20. Rxe4 f5
21. Re2 Bh6+ 22. Kb1 Rge8 23. Rde1 Rxe2 24. Rxe2 Re8 25. Rxe8 Kxe8 26. c4 Kd7
27. Kc2 Kc6 28. Kd3 Bf8 29. b4 d5 30. Be5 dxc4+ 1/2-1/2

[Event "Women Ch GroupA r_3"]
[Site "Albena BUL"]
[Date "2010.05.29"]
[Round "3.4"]
[White "Videnova, Iva"]
[Black "Shtereva, Slaveja"]
[Result "1-0"]
[WhiteElo "2278"]
[BlackElo "2093"]
[PlyCount "77"]
[EventDate "2010.05.27"]
[EventRounds "7"]
[EventCountry "BUL"]

1. e4 c5 2. Nf3 e6 3. d4 cxd4 4. Nxd4 a6 5. Bd3 Qc7 6. O-O d6 7. c4 Nf6 8. Nc3
Be7 9. Qe2 O-O 10. f4 Nbd7 11. Kh1 Qc5 12. Be3 Qh5 13. Rf3 Nc5 14. Bc2 e5 15.
fxe5 dxe5 16. Nf5 Bxf5 17. Rxf5 Qxe2 18. Nxe2 Ng4 19. Bg1 Rad8 20. Nc3 g6 21.
Rff1 Ne6 22. h3 Rd2 23. Rac1 Nf6 24. Bh2 Nd7 25. Rfd1 Rxd1+ 26. Rxd1 Rd8 27.
Nd5 Kf8 28. b4 Nd4 29. Bd3 Nc6 30. a3 a5 31. c5 axb4 32. axb4 Nd4 33. Bc4 f5
34. Nc7 fxe4 35. Rf1+ Bf6 36. Nd5 Kg7 37. Nxf6 Nxf6 38. Bxe5 Nf5 39. g4 1-0

[Event "Women Ch GroupA r_3"]
[Site "Albena BUL"]
[Date "2010.05.29"]
[Round "3.4"]
[White "Andreeva, Plamena"]
[Black "Sirkova, Darena"]
[Result "0-1"]
[WhiteElo "2119"]
[BlackElo "2036"]
[PlyCount "54"]
[EventDate "2010.05.27"]
[EventRounds "7"]
[EventCountry "BUL"]

1. e4 c6 2. d4 d5 3. f3 e5 4. dxe5 Bc5 5. exd5 Qb6 6. Nh3 Bxh3 7. gxh3 cxd5 8.
Qe2 Nc6 9. Nc3 O-O-O 10. h4 Qb4 11. Bd2 Qxh4+ 12. Kd1 f6 13. exf6 Nxf6 14. Qe6+
Kb8 15. Qf5 Bd6 16. Nb5 Be5 17. Bd3 g6 18. Qg5 Qf2 19. Rf1 Qxh2 20. Kc1 Nb4 21.
Qe3 d4 22. Qg5 Nxd3+ 23. cxd3 a6 24. Qg1 Qe2 25. Re1 Rc8+ 26. Nc3 dxc3 27. Bxc3
Bf4+ 0-1

[Event "Women Ch GroupA r_3"]
[Site "Albena BUL"]
[Date "2010.05.29"]
[Round "3.4"]
[White "Janeva, Mariya"]
[Black "Andreeva, Veronika"]
[Result "1/2-1/2"]
[WhiteElo "2036"]
[BlackElo "1887"]
[PlyCount "76"]
[EventDate "2010.05.27"]
[EventRounds "7"]
[EventCountry "BUL"]

1. e4 c6 2. d4 d5 3. e5 Bf5 4. Nf3 e6 5. Be2 Nd7 6. Nbd2 Ne7 7. Nh4 c5 8. c3
Nc6 9. Nxf5 exf5 10. Nf3 cxd4 11. cxd4 Bb4+ 12. Bd2 Qa5 13. Bxb4 Qxb4+ 14. Qd2
Qxd2+ 15. Kxd2 O-O 16. Bd3 g6 17. Rac1 Rac8 18. Bb5 h6 19. h4 Rfe8 20. Rhe1 Kg7
21. a3 a6 22. Bxc6 Rxc6 23. Rc3 Rxc3 24. Kxc3 Rc8+ 25. Kd2 Rc6 26. Rc1 Kf8 27.
Ne1 Rxc1 28. Kxc1 Ke7 29. f4 Nf8 30. Kd2 Ne6 31. Ke3 Kd7 32. Nd3 b6 33. g3 a5
34. b4 a4 35. Nb2 b5 36. Nd3 Nc7 37. Nc5+ Ke7 38. Kd3 Ne6 1/2-1/2

[Event "Women Ch GroupB r_4"]
[Site "Albena BUL"]
[Date "2010.05.30"]
[Round "4.1"]
[White "Voiska, Margarita"]
[Black "Nikolova, Adriana"]
[Result "1-0"]
[WhiteElo "2349"]
[BlackElo "2318"]
[PlyCount "66"]
[EventDate "2010.05.27"]
[EventRounds "7"]
[EventCountry "BUL"]

1. d4 Nf6 2. Nf3 e6 3. e3 d5 4. Bd3 c5 5. b3 Nbd7 6. Bb2 Be7 7. O-O b6 8. Ne5
Bb7 9. Nd2 O-O 10. f4 Ne4 11. Nxe4 dxe4 12. Bc4 Nxe5 13. fxe5 Bg5 14. Qe2 Qc7
15. a4 a6 16. dxc5 bxc5 17. Bc3 Rfd8 18. Rae1 Bh6 19. Qh5 Qe7 20. h4 Bd5 21. g4
Bxe3+ 22. Rxe3 Bb7 23. Qg5 Qc7 24. Qf4 Rd7 25. h5 Rad8 26. h6 gxh6 27. Qxh6 Rd1
28. Rh3 Rxf1+ 29. Kxf1 Bd5 30. Qxh7+ Kf8 31. Qh8+ Ke7 32. Qf6+ Kd7 33. Qxe6+
fxe6 1-0

[Event "Women Ch GroupB r_4"]
[Site "Albena BUL"]
[Date "2010.05.30"]
[Round "4.1"]
[White "Videnova, Iva"]
[Black "Yordanova, Svetla"]
[Result "1-0"]
[WhiteElo "2278"]
[BlackElo "2174"]
[PlyCount "93"]
[EventDate "2010.05.27"]
[EventRounds "7"]
[EventCountry "BUL"]

1. e4 e6 2. d4 d5 3. Nc3 Bb4 4. e5 c5 5. a3 Bxc3+ 6. bxc3 Ne7 7. Qg4 Qc7 8.
Qxg7 Rg8 9. Qxh7 cxd4 10. Qd3 dxc3 11. f4 Bd7 12. Ne2 Nbc6 13. Nxc3 a6 14. Rb1
Na5 15. Ne2 Nc4 16. Nd4 O-O-O 17. Bd2 Nxd2 18. Qxd2 Nc6 19. Nb3 Qb6 20. Qc3 Rg4
21. g3 d4 22. Qc5 Qc7 23. Be2 Rgg8 24. O-O f6 25. exf6 Rdf8 26. Nxd4 Rxf6 27.
Nxc6 Bxc6 28. Qa7 Rfg6 29. Qe3 Qg7 30. Bc4 Qh6 31. Rb6 R8g7 32. Bxa6 e5 33. Bd3
Qh3 34. Rxc6+ Rxc6 35. fxe5 Kc7 36. Bf5 Qh8 37. e6 Re7 38. Qf4+ Kb6 39. Qb4+
Ka7 40. Qxe7 Qd4+ 41. Kg2 Qd5+ 42. Kh3 Qb5 43. Bd3 Qh5+ 44. Qh4 Qe5 45. Qa4+
Kb6 46. Rb1+ Kc7 47. Qf4 1-0

[Event "Women Ch GroupB r_4"]
[Site "Albena BUL"]
[Date "2010.05.30"]
[Round "4.1"]
[White "Genova, Ruzka"]
[Black "Sirkova, Darena"]
[Result "0-1"]
[WhiteElo "2232"]
[BlackElo "2036"]
[PlyCount "110"]
[EventDate "2010.05.27"]
[EventRounds "7"]
[EventCountry "BUL"]

1. d4 Nf6 2. Nf3 c5 3. c4 cxd4 4. Nxd4 e6 5. Nc3 d5 6. e3 a6 7. cxd5 Nxd5 8.
Bd2 b5 9. a4 b4 10. Nxd5 Qxd5 11. Be2 e5 12. Bf3 e4 13. Qc2 Bb7 14. Be2 Nd7 15.
Bc4 Qh5 16. a5 Rc8 17. Rc1 Qxa5 18. Qb3 Nc5 19. Bxf7+ Kd7 20. Rxc5 Rxc5 21.
Qe6+ Kc7 22. O-O Bd6 23. Be8 Qb6 24. g3 Be5 25. Qe7+ Kb8 26. Ne6 Rc8 27. Bd7
Bd6 28. Qxg7 Rcg8 29. Qf6 h5 30. h4 Rh7 31. Ba4 Bc8 32. Ng5 Rhg7 33. Bb3 Rg6
34. Qf7 R8g7 35. Qe8 Be7 36. Rc1 Qd8 37. Qxd8 Bxd8 38. Nxe4 Bxh4 39. Bxb4 Bb7
40. Nd6 Bxg3 41. Nxb7 Bd6+ 42. Kf1 Bxb4 43. Ke2 Rxb7 44. Bd5 Rb5 45. e4 Bd6 46.
b3 h4 47. Rh1 Rh6 48. Rh3 Ra5 49. Kd3 Ra2 50. f3 Rh2 51. Rxh2 Bxh2 52. Kd4 Bg1+
53. Kc4 Bh2 54. Kd4 Bf4 55. e5 h3 0-1